Moral jesuítica (Record no. 185668)

MARC details
000 -LEADER
campo de control de longitud fija 00692nam a2200181 i 4500
001 - NÚMERO DE CONTROL
campo de control 185668
003 - IDENTIFICADOR DE NÚMERO DE CONTROL
campo de control ES-MaACL
005 - FECHA Y HORA DE LA ÚLTIMA TRANSACCIÓN
campo de control 20250929063305.0
008 - DATOS DE LONGITUD FIJA--INFORMACIÓN GENERAL
campo de control de longitud fija 160802s1887 sp |||| | spa d
100 1# - ENTRADA PRINCIPAL--NOMBRE DE PERSONA
Nombre de persona Sánchez, Tomás,
Fechas asociadas al nombre 1550-1610
9 (RLIN) 133050
245 10 - MENCIÓN DEL TÍTULO
Título Moral jesuítica
Resto del título : o sea Controversias del santo Sacramento del Matrimonio /
Mención de responsabilidad, etc. su autor, Tomás Sánchez (El Cordobés)... ; traducción del latín.
246 30 - FORMA VARIANTE DEL TITULO
Título propio/Titulo breve Controversias del santo Sacramento del Matrimonio
260 ## - PUBLICACIÓN, DISTRIBUCIÓN, ETC.
Lugar de publicación, distribución, etc. Madrid :
Nombre del editor, distribuidor, etc. Tomás Rey,
Fecha de publicación, distribución, etc. 1887.
300 ## - DESCRIPCIÓN FÍSICA
Extensión 216 p. ;
Dimensiones 23 cm.
650 #4 - PUNTO DE ACCESO ADICIONAL DE MATERIA--TÉRMINO DE MATERIA
Término de materia o nombre geográfico como elemento de entrada Matrimonio-
Subdivisión general Aspectos religiosos-
-- Cristianismo.
9 (RLIN) 162990
852 ## - LOCALIZACIÓN
Ubicación ES-MaACL
Número de control de estantería G-5946
Holdings
Estatus retirado Estado de pérdida Estado de daño No para préstamo Colección Biblioteca de origen Biblioteca actual Ubicación en estantería Fecha de adquisición Fuente de adquisición Total de préstamos Signatura topográfica completa Código de barras Visto por última vez Precio de reemplazo Tipo de ítem Koha
        Libros del s. XIX Biblioteca del Ateneo de Madrid Biblioteca del Ateneo de Madrid Depósito 2 02/08/2016     G-5946 1195718 23/02/2023 23/02/2023 Libro impreso antiguo